| 000 | 00526nam a22001577a 4500 | ||
|---|---|---|---|
| 005 | 20111220122444.0 | ||
| 020 |
_a9789381497029 _c125.00 |
||
| 037 | _bPUB | ||
| 100 |
_aTagore, Rabindra Nath _937249 |
||
| 245 |
_aThe hungry stones / _cby Rabindra Nath Tagore |
||
| 260 |
_aDelhi _bAakanksha Parkashan _c2011 |
||
| 270 |
_aF-15A, Vijay Block, Vikas Marg, Laxmi Nagar _bDelhi _e110092 |
||
| 300 |
_a61p. _c23cm(Hb) |
||
| 942 |
_2ddc _cCH _mTAG |
||
| 999 |
_c59691 _d59691 |
||